| 000 | 00589nam a22002297a 4500 | ||
|---|---|---|---|
| 999 |
_c6567 _d6567 |
||
| 001 | 6567 | ||
| 003 | BD-JhCC | ||
| 005 | 20180125165856.0 | ||
| 008 | 180125s1963 -uk |||| |||| 00| 0 eng d | ||
| 020 | _a0245564071 | ||
| 035 | _a(BD-JhCC)6567 | ||
| 040 |
_aBD-JhCC _dBD-JhCC |
||
| 041 | _aeng | ||
| 082 |
_a823.9 _bBAR 1963 |
||
| 100 | _aBarnes, D. R. | ||
| 245 |
_aShort Stories Of Our Time / _cD. R. Barnes |
||
| 260 |
_aGreat Britain : _bGeorge G. Harrap and Co. LTD, _c1963. |
||
| 300 |
_a192 p. : _c19 CM. |
||
| 650 | _aEnglish Short Stories | ||
| 942 |
_2ddc _cBK |
||